000 01016nam a22002417a 4500
999 _c12929
_d12929
003 AR-CdUCM
008 190220b ||||| |||| 00| 0 spa d
040 _aMUNICIPALIDAD PROVINCIAL DEL CUSCO
_cBIBLIOTECA MUNICIPAL DEL CUSCO
082 _a869.521 /
_bG26
100 _aGarcilaso de la Vega, Inca
_92774
245 _aComentemos reales de los incas /
260 _aLima :
_bBanco Central de Reserva del Perú, Fondo Editorial,
_c1985.
300 _a518 páginas ;
_c25 cm.
440 _aBiblioteca clásicos del Perú.
_n1
_931064
505 _aContenido: t.1. Si hay muchos mundos -- La deducción del nombre Perú -- Maneras de sacrificios que hacían -- El origen de los incas reyes del Perú -- Los nombres reales y la significación de ellos ...
650 _aGarcilaso de la Vega
_961
650 _aCrítica e interpretación
_91144
650 _aCronistas
_91200
650 _aBiografía.
_922
710 _aBanco Central de Reserva del Perú.
_91201
942 _2ddc
_cLIBROS
945 _arum
_d2019-04-10